000 00830cam a22002653a 4500
001 2399
003 PGUSA
005 20140828083014.0
008 001101s2000||||xxu|||||s|||||000 1 eng d
040 _aPGUSA
_beng
042 _adc
050 4 _aPR
100 1 _aPater, Walter,
_d1839-1894
245 1 0 _aImaginary Portraits
_h[electronic resource] /
_cWalter Pater
260 _bProject Gutenberg,
_c2000
505 0 _aA prince of court painters -- Denys l'Auxerrois -- Sebastian van Storck -- Duke Carl of Rosenmold.
506 _aPublic domain in the USA.
516 _aElectronic text
653 _aShort stories, English
653 _aEurope -- History -- Fiction
653 _aCourts and courtiers -- Fiction
830 0 _aProject Gutenberg
_v2399
856 4 0 _uhttp://www.gutenberg.org/ebooks/2399
942 _cEB
999 _c231736
_d231736